00346 a2200121 4500020001500000082001800015100002000033245003600053260004700089300002900136650004000165700001900205 a2882130287 a861.4bC854ph aCouffon, Claude aPoesie Hondurienne Du XX Siecle aGeneve, SuissebPatiǫ/Union Latinec1997 a264 pbill, colc20.5 cm aPoesiaxliteraturaxs. XXzHonduras aClaude Couffon